Régions du Japon - Carte Quiz - Statistiques

Statistiques générales
  • Ce quiz a été pris 946 fois
  • Le résultat moyen est 4 sur 8
Réponses sur la Carte
Les réponses sont colorées sur une échelle allant du rouge au vert en fonction du pourcentage des utilisateurs qui les ont devinées à leur premier essai. Vous pouvez retrouver ces pourcentages ci-dessous.
 
Statistiques - réponses
Réponse % Correct
Hokkaidō
88%
Kantō
72%
Kyūshū
59%
Kansai
53%
Shikoku
51%
Chūgoku
33%
Tōhoku
32%
Chūbu
24%
Aucun quiz correspondant
Distribution des résultats
% des personnes avec chaque résultat
Percentile par nombre de réponses
Votre historique - résultats
Vous n’avez pas pris ce quiz